Design and analysis of materials and engineering structures / (Record no. 20001)

MARC details
000 -LEADER
fixed length control field 01276cam a22003495a 4500
001 - CONTROL NUMBER
control field 17457567
005 - DATE AND TIME OF LATEST TRANSACTION
control field 20150812134236.0
008 - FIXED-LENGTH DATA ELEMENTS--GENERAL INFORMATION
fixed length control field 120910t2013 gw a frb 101 0 eng d
020 ## - INTERNATIONAL STANDARD BOOK NUMBER
International Standard Book Number 9783642322945 (alk. paper)
020 ## - INTERNATIONAL STANDARD BOOK NUMBER
International Standard Book Number 3642322948 (alk. paper)
020 ## - INTERNATIONAL STANDARD BOOK NUMBER
International Standard Book Number 9783642322952 (ebk.)
040 ## - CATALOGING SOURCE
Original cataloging agency IND
Transcribing agency IND
Modifying agency DLC
-- EG-ScBUE
Language of cataloging eng
050 00 - LIBRARY OF CONGRESS CALL NUMBER
Classification number TA401.3
Item number .D47 2013
082 04 - DEWEY DECIMAL CLASSIFICATION NUMBER
Edition number 22
Classification number 620.11
Item number DES
245 00 - TITLE STATEMENT
Title Design and analysis of materials and engineering structures /
Statement of responsibility, etc editors Andreas Ochsner, Lucas F. M. da Silva, Holm Altenbach.
260 ## - PUBLICATION, DISTRIBUTION, ETC. (IMPRINT)
Place of publication, distribution, etc Heidelberg :
Name of publisher, distributor, etc Springer,
Date of publication, distribution, etc c.2013.
300 ## - PHYSICAL DESCRIPTION
Extent viii, 178 p. :
Other physical details ill. ;
Dimensions 24 cm.
490 1# - SERIES STATEMENT
Series statement Advanced structured materials,
International Standard Serial Number 1869-8433 ;
Volume number/sequential designation v. 32
500 ## - GENERAL NOTE
General note Index : p. 177-178.
504 ## - BIBLIOGRAPHY, ETC. NOTE
Bibliography, etc Bibliography : p. 176.
650 #0 - SUBJECT ADDED ENTRY--TOPICAL TERM
Topical term or geographic name as entry element Materials
Form subdivision Congresses.
Source of heading or term BUEsh
9 (RLIN) 6517
650 #0 - SUBJECT ADDED ENTRY--TOPICAL TERM
Topical term or geographic name as entry element Materials
General subdivision Analysis
Form subdivision Congresses.
Source of heading or term BUEsh
650 #0 - SUBJECT ADDED ENTRY--TOPICAL TERM
Topical term or geographic name as entry element Structural engineering
Form subdivision Congresses.
Source of heading or term BUEsh
651 ## - SUBJECT ADDED ENTRY--GEOGRAPHIC NAME
Source of heading or term BUEsh
653 ## - INDEX TERM--UNCONTROLLED
Resource For college Engineering, General
Arrived date list June2015
-- August2015
655 ## - INDEX TERM--GENRE/FORM
Form subdivision
-- 34232
700 1# - ADDED ENTRY--PERSONAL NAME
Personal name Ochsner, Andreas,
Relator term editor.
700 1# - ADDED ENTRY--PERSONAL NAME
Personal name Silva, Lucas Filipe Martins da,
Dates associated with a name 1973-
Relator term editor.
700 1# - ADDED ENTRY--PERSONAL NAME
Personal name Altenbach, Holm,
Dates associated with a name 1956-
9 (RLIN) 37915
Relator term editor.
830 #0 - SERIES ADDED ENTRY--UNIFORM TITLE
Uniform title Advanced structured materials ;
Volume number/sequential designation 32.
942 ## - ADDED ENTRY ELEMENTS (KOHA)
Source of classification or shelving scheme Dewey Decimal Classification
Holdings
Withdrawn status Lost status Source of classification or shelving scheme Damaged status Not for loan Koha collection Home library Current library Shelving location Date acquired Source of acquisition Cost, normal purchase price Serial Enumeration / chronology Total Checkouts Full call number Barcode Date last seen Cost, replacement price Koha item type
    Dewey Decimal Classification     Alahram Central Library Central Library First floor 28/06/2015   863.00 299   620.11 DES 000039065 15/07/2025 1078.25 Book - Borrowing